MEDICINAL CHEMISTRY (Record no. 33129)

000 -LEADER
fixed length control field 00321nam a2200133Ia 4500
008 - FIXED-LENGTH DATA ELEMENTS--GENERAL INFORMATION
fixed length control field 210215s9999 xx 000 0 und d
020 ## - INTERNATIONAL STANDARD BOOK NUMBER
International Standard Book Number 9789387964051
082 ## - DEWEY DECIMAL CLASSIFICATION NUMBER
Classification number 615.5
Item number RAZ-M
100 ## - MAIN ENTRY--PERSONAL NAME
Personal name RAZDAN BALKISHEN
245 #0 - TITLE STATEMENT
Title MEDICINAL CHEMISTRY
260 ## - PUBLICATION, DISTRIBUTION, ETC.
Name of publisher, distributor, etc. CBS PUBLISERS & DISTRIBUTORS
300 ## - PHYSICAL DESCRIPTION
Extent 104
942 ## - ADDED ENTRY ELEMENTS (KOHA)
Koha item type Book
Holdings
Withdrawn status Lost status Damaged status Not for loan Collection code Permanent Location Current Location Shelving location Date acquired Cost, normal purchase price Total Checkouts Full call number Barcode Date last seen Date last checked out Price effective from Koha item type
          Maharishi School of Pharmaceutical Science (Lucknow) Maharishi School of Pharmaceutical Science (Lucknow) R1S2 2021-02-15 650.00 1 615.5 SOPH552 2024-11-04 2024-11-04 2021-02-15 Reference Book

All Rights Reserved@MUIT

Powered by Koha